<?xml version="1.0" encoding="UTF-8"?>
<record
    xmlns:xsi="http://www.w3.org/2001/XMLSchema-instance"
    xsi:schemaLocation="http://www.loc.gov/MARC21/slim http://www.loc.gov/standards/marcxml/schema/MARC21slim.xsd"
    xmlns="http://www.loc.gov/MARC21/slim">

  <leader>01224nam a22002057a 4500</leader>
  <controlfield tag="005">20241121124816.0</controlfield>
  <controlfield tag="008">241121b           ||||| |||| 00| 0 eng d</controlfield>
  <datafield tag="020" ind1=" " ind2=" ">
    <subfield code="a">9788180943805</subfield>
  </datafield>
  <datafield tag="040" ind1=" " ind2=" ">
    <subfield code="c">AL</subfield>
  </datafield>
  <datafield tag="041" ind1=" " ind2=" ">
    <subfield code="a">English</subfield>
  </datafield>
  <datafield tag="082" ind1=" " ind2=" ">
    <subfield code="2">23</subfield>
    <subfield code="a">597</subfield>
    <subfield code="b">BEAH</subfield>
  </datafield>
  <datafield tag="100" ind1=" " ind2=" ">
    <subfield code="a">R Beavan</subfield>
    <subfield code="9">185972</subfield>
  </datafield>
  <datafield tag="245" ind1=" " ind2=" ">
    <subfield code="a">Handbook of the Freshwater Fishes of India</subfield>
  </datafield>
  <datafield tag="260" ind1=" " ind2=" ">
    <subfield code="a">Chennai</subfield>
    <subfield code="b">Maven Books</subfield>
    <subfield code="c">2020</subfield>
  </datafield>
  <datafield tag="300" ind1=" " ind2=" ">
    <subfield code="a">247 p.</subfield>
    <subfield code="b">HB</subfield>
    <subfield code="c">22x14 cm.</subfield>
  </datafield>
  <datafield tag="365" ind1=" " ind2=" ">
    <subfield code="a">EKJA-87684</subfield>
    <subfield code="b">&#x20B9;897.00</subfield>
    <subfield code="c">&#x20B9;</subfield>
    <subfield code="d">&#x20B9;995.00</subfield>
    <subfield code="e">0%</subfield>
    <subfield code="f">14-11-2024</subfield>
  </datafield>
  <datafield tag="520" ind1=" " ind2=" ">
    <subfield code="a">Originally published in 1877,this little book was intended by the author to be used as a handbook or for reference. It is not an extensive research into the various fishes of India, but can be used by anyone with an interest in the subject. Contents include: On Ichthyology in General, and that of the Indian Fresh Waters in Particular - On Classification - On Distribution - Descriptions of some of the Principal Families of Fish - Of The Species and Genera Inhabiting the Fresh Waters of the Indian Continent - Habits, Breeding Etc. - List of Freshwater Fishes of the Indian Continent - Index to Native names and Synonyms - List of References and Abbreviations.</subfield>
  </datafield>
  <datafield tag="700" ind1=" " ind2=" ">
    <subfield code="a">BEAVAN (R)</subfield>
    <subfield code="9">185934</subfield>
  </datafield>
  <datafield tag="942" ind1=" " ind2=" ">
    <subfield code="2">ddc</subfield>
    <subfield code="c">BK</subfield>
  </datafield>
  <datafield tag="999" ind1=" " ind2=" ">
    <subfield code="c">231954</subfield>
    <subfield code="d">231954</subfield>
  </datafield>
  <datafield tag="952" ind1=" " ind2=" ">
    <subfield code="0">0</subfield>
    <subfield code="1">0</subfield>
    <subfield code="2">ddc</subfield>
    <subfield code="4">0</subfield>
    <subfield code="7">0</subfield>
    <subfield code="8">ZOO</subfield>
    <subfield code="a">AL</subfield>
    <subfield code="b">AL</subfield>
    <subfield code="d">2024-11-20</subfield>
    <subfield code="e">amazon.in</subfield>
    <subfield code="g">897.00</subfield>
    <subfield code="l">0</subfield>
    <subfield code="o">597 BEAH</subfield>
    <subfield code="p">077393</subfield>
    <subfield code="r">2024-11-21 00:00:00</subfield>
    <subfield code="u">https://archive.org/details/in.ernet.dli.2015.38487/mode/2up</subfield>
    <subfield code="v">995.00</subfield>
    <subfield code="w">2024-11-21</subfield>
    <subfield code="y">BK</subfield>
  </datafield>
</record>
